glee - Statistiques

Statistiques générales
  • Ce quiz a été pris 185 fois
  • Le résultat moyen est 33 sur 44
Statistiques - réponses
personne Réponse % Correct
Rachel Puck
99%
Quinn Puck
99%
Santana Puck
99%
Finn Quinn
99%
Puck Quinn
99%
Sam Quinn
99%
Finn Rachel
99%
Puck Rachel
99%
Sam Rachel
99%
Kurt Blaine
96%
Kurt Brittany
94%
Artie Brittany
94%
Santana Brittany
94%
Sam Brittany
94%
Rachel Finn
94%
Quinn Finn
94%
Rachel Sam
94%
Mercedes Sam
94%
Quinn Sam
94%
Santana Sam
94%
Brittany Sam
94%
Artie Tina
94%
Mike Tina
94%
Tina Artie
92%
Brittany Artie
92%
Puck Santana
91%
Brittany Santana
91%
Sam Santana
91%
Brittany Kurt
90%
Blaine Kurt
90%
Tina Mike
87%
Sam Mercedes
74%
Rachel Jesse
62%
Artie Kitty
48%
Puck Kitty
48%
Rachel Brody
39%
Santana David
29%
Blaine David
29%
Puck Lauren
29%
Santana Dani
18%
Kurt Adam
14%
Mercedes Shane
9%
Quinn Biff
6%
Sam Penny
6%
Aucun quiz correspondant
Distribution des résultats
% des personnes avec chaque résultat
Percentile par nombre de réponses
Votre historique - résultats
Vous n’avez pas pris ce quiz